Ander's General Knowledge Quiz - Statistics

General Stats
  • This quiz has been taken 160 times
    102 since last reset
  • The average score is 7 of 20
Answer Stats
Hint Answer % Correct
Which war is said to have been started by the assassination of the archduke of Austria-Hungary? World War I
88%
In which craft would you make a purl stitch? Knitting
62%
What is the capital of Malta? Valletta
61%
The Democratic Republic of the Congo is a former colony of which nation? Belgium
59%
What alloy is produced by combining copper and tin? Bronze
54%
Which is the largest metropolitan area in South America? Sao Paulo
50%
Name one ingredient added to all-purpose flour to make self-rising flour Baking powder
48%
What is the largest muscle in the human body? Gluteus maximus
40%
For which MLB team did Jackie Robinson play? Brooklyn Dodgers
31%
Which solo country music artist has sold the most albums? Garth Brooks
30%
Which type of rice is most commonly used for making risotto? Arborio
24%
Name another ingredient added to all-purpose flour to make self-rising flour Salt
22%
Which warship is larger than a destroyer but smaller than a battleship? Cruiser
19%
In 2014 what became the most expensive car ever sold at $34.65 million? 1962 Ferrari 250 GTO
14%
Who played Jack Callaghan opposite Sandra Bullock in the movie, While You Were Sleeping? Bill Pullman
13%
Who won the most Grammys in the blues genre? B.B. King
12%
Which nation produces the alcoholic beverage Feni (Fenny)? India
12%
Which car is most often associated with Ralph Nader’s 1965 book, Unsafe at Any Speed? Chevrolet Corvair
8%
What is the first month of the Hebrew calendar? Nisan
7%
Surname of Phryne, author Kerry Greenwood’s Melbourne detective Fisher
3%
No matching quizzes found
Score Distribution
Percent of People with Each Score
Percentile by Number Answered
Your Score History
You have not taken this quiz since the last reset